00358pab a2200133 454500008004000000100001700040245002400057260000900081300001300090362001100103650004800114650002800162773003400190180718b2017 xxu||||| |||| 00| 0 eng d aMenon, Meena aA dirge for Kashmir c2017 ap.22-25. a15 Jul aJammu and Kashmir - Politics and government aPolitics and government aEconomic and Political Weekly